Formule 1: Les coéquipiers de Lewis Hamilton - Statistiques

Statistiques générales
  • Ce quiz a été pris 6 334 fois
    3 234 depuis la dernière actualisation
  • Le résultat moyen est 6 sur 7
Statistiques - réponses
Ecurie Saison Pilote % Correct
Ferrari 2025-2026 Charles Leclerc
99%
Mercedes [2022-2024] George Russell
98%
Mercedes [2017-2021] Valtteri Bottas
96%
Mercedes [2013-2016] Nico Rosberg
94%
MC Laren 2007 Fernando Alonso
91%
MC Laren [2010-2012] Jenson Button
77%
MC Laren 2008-2009 Heikki Kovalainen
32%
Aucun quiz correspondant
Distribution des résultats
% des personnes avec chaque résultat
Percentile par nombre de réponses
Votre historique - résultats
Vous n’avez pas pris ce quiz depuis la dernière actualisation